Statistics for Top 10 countries by Ease of Doing Business rank

Click here to take the quiz!

General Stats

  • This quiz has been taken 235 times
  • The average score is 6 of 10

Answer Stats

HintAnswer% Correct
United States of America
99%
United Kingdom
91%
Australia
72%
New Zealand
59%
Norway
55%
Denmark
54%
Singapore
53%
Finland
51%
Korea, Republic
48%
Georgia
5%

Score Distribution

Percentile by Number Answered

Percent of People with Each Score

Your Score History

You have not taken this quiz